| 000 | nam a22 a 4500 | ||
|---|---|---|---|
| 999 |
_c3826 _d3826 |
||
| 003 | AKMAL | ||
| 005 | 20170524092307.0 | ||
| 008 | 170524s1988 xxk 00 eng d | ||
| 020 |
_a071539228X (pbk.): _cGBP6.95 |
||
| 040 | _aAKMAL | ||
| 082 | 0 | 4 |
_a796.345 DAV _221 |
| 090 | 0 | 0 |
_a796.345 _bDAV |
| 100 | 1 |
_aDavis, Pat _97564 |
|
| 245 | 1 | 0 |
_aBadminton : _bthe complete practical guide / _cPat Davis |
| 260 |
_aNewton Abbot : _bDavid & Charles, _c1988 |
||
| 300 | 0 | 0 |
_a192p. : _bill. ; _c25cm |
| 500 | _aIncludes index | ||
| 650 | 0 |
_aBadminton (Game) _xHandbooks, manuals, etc _97565 |
|
| 942 |
_2ddc _cBOOK |
||